000 01094cam a2200361 i 4500
001 20910
003 CO-MdFUSB
005 20220903110830.0
008 160404t1939 uk || |||| 00| 0 eng d
020 _a978-0-674-99376-1
040 _aCO-MdFUSB
_cCO-MdFUSB
_dCO-MdFUSB
_erda
_bEspañol
041 _aeng
082 _a888
_bP737
_2scdd: 23 ed.
100 0 _aFilón,
_eAutor
245 1 0 _aPhilo
_c/ Philo ; translated by F. H. Colson
_nVIII
264 1 _aInglaterra
_b: Harvard University Press,
_c[1939]
264 4 _c© 1939
300 _aXXVI ; 457 pág.
_c;
336 _2rdacontent
_atexto
_btxt
337 _2rdamedia
_asin mediación
_bn
338 _2rdacarrier
_avolumen
_bnc
347 _2rda
490 _aLoeb Classical Library
501 _aHardcover
505 0 _aEn las leyes especiales, IV -- Sobre las virtudes -- En recompensas y castigos
653 _aFilón de Alejandría
653 _aJudaísmo Helénico
720 _aColson, F. H.,
_eTraductor
942 _cREF
945 _aEstudiante
999 _c47255
_d47255